000 00522nam a2200205 i 4500
001 bgj
100 1 _aFrey, Stephen W.
245 1 0 _aThe Takeover /
_cStephen W. Frey.
260 _aNew York :
_bA Signet Book,
_cc. 1995.
300 _a446 pp ;
_c18 cm.
650 9 _aDetective and mystery stories
650 9 _aPolitical fiction
650 9 _aAdventure stories
020 _a0451184785
040 _cBPK
041 0 _aeng
920 _a0-451-18478-5
942 _cKS
008 s uk f |000 0 eng
999 _c48376
_d48376
856 _uhttp://koha.tu.koszalin.pl/cgi-bin/koha/opac-detail.pl?biblionumber=48376
_yKatalog online BPK